000 00250nam a2200097Ia 4500
001 687465
005 20250826161556.0
008 250824s9999 xx 000 0 und d
245 0 _aİMDAT ÇIKARIN BENİ BURADAN
_cSALAH NAOURA
260 _bTUDEM YAYINLARI
999 _c687465
_d687465